Chargement en cours...
Vyavaharik Hindi vyakaran/
| Auteur principal: | |
|---|---|
| Format: | Printed Book |
| Publié: |
Allahabad:
Lokbharathi Prakashan,
1975.
|
| LEADER | 00357 a2200109 4500 | ||
|---|---|---|---|
| 100 | |a Hardev Bahari | ||
| 245 | |a Vyavaharik Hindi vyakaran/ |c Hardev Bahari | ||
| 260 | |a Allahabad: |b Lokbharathi Prakashan, |c 1975. | ||
| 300 | |a 204p. | ||
| 942 | |2 ddc |c BK | ||
| 999 | |c 238205 |d 238205 | ||
| 952 | |0 0 |1 0 |4 0 |7 0 |9 264515 |a HIN |b HIN |c S-2 |d 2011-06-28 |i 9475 |l 0 |p HIN9475 |r 2011-06-28 |w 2014-02-07 |y BK | ||